Κείμενα για την τέχνη
Αποθηκεύτηκε σε:
| Κύριος συγγραφέας: | |
|---|---|
| Άλλοι συγγραφείς: | , , |
| Μορφή: | Βιβλίο |
| Γλώσσα: | Greek |
| Δημοσίευση: |
Αθήνα :
Καστανιώτης,
1991
|
| Σειρά: | Σκέψη, χρόνος, και δημιουργοί
|
| Θέματα: | |
| Ετικέτες: |
Προσθήκη ετικέτας
Δεν υπάρχουν, Καταχωρήστε ετικέτα πρώτοι!
|
MARC
| LEADER | 00000nam a2200000 i 4500 | ||
|---|---|---|---|
| 001 | 1/87667 | ||
| 008 | 960917s1991 gre d | ||
| 020 | |a 960-03-0881-0 | ||
| 035 | |a 1992 |b 3 |c Καμπουροπούλου |l 10035301 | ||
| 040 | |a GR-MY-UA |b gre |e aacr | ||
| 041 | 0 | |a gre | |
| 082 | 0 | |a 701.1 | |
| 100 | 1 | |a Teriade, E. | |
| 245 | 1 | 0 | |a Κείμενα για την τέχνη / |c Ε. Τεριάντ ; πρόλογος Οδυσσέας Ελύτης, Γιάννης Τσαρούχης ; επίλογος Γιάννης Κολοκοτρώνης |
| 260 | |a Αθήνα : |b Καστανιώτης, |c 1991 | ||
| 300 | |a 152 σ. | ||
| 490 | 1 | |a Σκέψη,χρόνος και δημιουργοί | |
| 650 | 0 | 0 | |a Art appreciation. |
| 650 | 0 | 0 | |a Painting, Modern |y 20th century. |
| 700 | 1 | |a Κολοκοτρώνης, Γιάννης, |d 1962- |4 aui | |
| 700 | 1 | |a Ελύτης, Οδυσσέας, |d 1911-1996. | |
| 700 | 1 | |4 aui |a Τσαρούχης, Γιάννης, |d 1910-1989. | |
| 830 | 0 | |a Σκέψη, χρόνος, και δημιουργοί | |
| 852 | |a INST |b RHODES |e 19960917 |h 701.1 TER |p 005400009053 |q 005400009053 |t BK |y 0 | ||
| 909 | |a Ρ |b 025051 |c 1992 | ||
| 970 | |z 2000/06/ΚΑΤΕΡΙΝΑ | ||